[Event "6th Vardaris Open 2020"]
[Site "Thessaloniki"]
[Date "2020.03.02"]
[Round "7.2"]
[White "Santiago, Yago De Moura"]
[Black "Lu, Shanglei"]
[Result "*"]
[WhiteElo "2488"]
[BlackElo "2615"]
[Annotator "TA"]
[PlyCount "49"]
[EventDate "2020.02.27"]
[EventType "swiss"]
[EventCountry "GRE"]
[SourceTitle "playchess.com"]
[Source "ChessBase"]
[SourceQuality "1"]

{[%evp 19,49,0,11,-4,0,0,20,18,18,12,24,0,0,0,0,-2,3,12,8,0,8,-803,10,16,14,0,6,0,1,3,7,0]} 1. d4 d5 2. c4 c6 3. Nf3 Nf6 4. e3 e6 5. Nc3 Nbd7 6. Qc2 Bd6 7. b3 O-O 8. Be2 b6 9. Bb2 Bb7 10. O-O Qe7 11. Rae1 {D45: Semi-Slav: 5 e3.} (11. Rfe1 {with more complications.} Rfe8 12. e4 dxe4 13. Nxe4 Nxe4 14. Qxe4 Bb4 15. Red1) 11... c5 12. cxd5 {[#]} cxd4 $146 ({Predecessor:} 12... exd5 13. Rc1 Rac8 14. Rfd1 Rfe8 15. Qf5 a6 16. dxc5 Nxc5 17. Ng5 g6 18. Qh3 h5 19. Qh4 Nce4 20. Ngxe4 dxe4 21. Na4 Nd5 22. Qxe7 Bxe7 23. Bc4 b5 24. Bxd5 Rxc1 25. Rxc1 Bxd5 {½-½ (25) Halldorsson,J (2472)-Laffranchise,L (2418) ICCF email 2016}) 13. Nxd4 {aiming for Nc6.} Nxd5 14. Nxd5 Bxd5 15. Bf3 Bxf3 16. Nxf3 Rac8 17. Qe2 Nf6 18. Rc1 Qb7 19. Ne5 Rxc1 20. Re1 $2 {[%mdl 8192] [#]} (20. Rxc1 $11 Rc8 21. Rxc8+ Qxc8 22. h3) 20... Rd1 $2 ({Black should play} 20... Rxe1+ $19 21. Qxe1 Qc7) 21. Rxd1 $11 {The position is equal.} Rd8 22. Rc1 Rc8 23. Qd1 Rxc1 24. Qxc1 Nd7 25. Nxd7 {Accuracy: White = 100%, Black = 100%.} *

[Event "6th Vardaris Open 2020"]
[Site "Thessaloniki"]
[Date "2020.03.02"]
[Round "7.3"]
[White "Gouloutis, Nikolaos"]
[Black "Krysa, Leandro"]
[Result "0-1"]
[WhiteElo "2347"]
[BlackElo "2523"]
[Annotator "TA"]
[PlyCount "111"]
[EventDate "2020.02.27"]
[EventType "swiss"]
[EventCountry "GRE"]
[SourceTitle "playchess.com"]
[Source "ChessBase"]
[SourceQuality "1"]

{[%evp 17,111,0,17,-27,-20,-20,-36,-25,-23,-26,-27,-32,-31,-31,-26,-25,-32,-29,-45,-38,-27,-25,-30,-26,-25,-56,-46,-57,-42,-47,-44,-87,-77,-144,-144,-145,-145,-147,-130,-117,-124,-125,-130,-124,-130,-117,-127,-126,-118,-160,-120,-230,-209,-241,-238,-213,-122,-120,-27,-247,-229,-239,-228,-235,-263,-414,-407,-375,-364,-315,-135,-155,-95,-147,-7,-23,-28,-10,-22,-36,-27,-458,-13,-19,-40,-527,-869,-1995,-1691,-2232,-2049,-2080,-9879,-12844,-12845,-12846]} 1. d4 Nf6 2. c4 g6 3. Nf3 Bg7 4. e3 O-O 5. Be2 c5 6. d5 e6 7. Nc3 exd5 8. cxd5 d6 9. O-O Bg4 10. Nd2 {E61: King's Indian: Early deviations for White, including Smyslov System.} Bxe2 11. Qxe2 Na6 12. Nc4 {[#] Black is slightly better.} Nc7 $146 ({Predecessor:} 12... Nb4 13. Rd1 a6 14. a3 b5 15. axb4 cxb4 16. Nxb5 axb5 17. Rxa8 Qxa8 18. Nxd6 Rd8 19. Nxb5 Rxd5 {1-0 (53) Novkovic,M (2373)-Schachinger,M (2432) Austria 2015}) 13. a4 Ncxd5 14. Nxd5 Nxd5 15. Rd1 Nb4 16. Nxd6 Qe7 17. Nc4 Rfd8 18. Bd2 Qe4 19. Bc3 Bxc3 20. bxc3 Nd3 21. Nd2 Qe5 22. Ra3 Rd7 23. Nf3 Qe4 24. Rd2 Rad8 25. h3 (25. Ra1 $142) 25... Nc1 $1 $17 26. Qd1 Rxd2 27. Nxd2 {[#]} Qb1 $1 {[%mdl 576] Pin} 28. Kh2 (28. Nxb1 Rxd1+) 28... Qb2 $36 {[%mdl 2112] Double Attack. White is under strong pressure.} 29. Nc4 Rxd1 30. Nxb2 {[%mdl 4096] Endgame KRN-KRN} Rd2 {[%mdl 64] Double Attack} 31. Nc4 Rxf2 32. Nd6 Rb2 33. c4 Kf8 34. e4 (34. a5 $17) 34... Ke7 $19 35. Nc8+ Ke6 36. Nxa7 Rc2 (36... Ke5 $19 37. Rf3 f6) 37. a5 $17 Rxc4 {[#]} (37... f6 $17 38. Nc6 Kd7) 38. a6 $2 (38. Nc6 $1 $11 {[%mdl 512] and White has nothing to worry.}) 38... bxa6 $19 ({Avoid the trap} 38... Rxe4 $2 39. axb7 Rb4 40. Nc6 $18) 39. Rxa6+ Ke5 40. Nc6+ Kxe4 41. Nd8 (41. Ra7 $142) 41... f5 42. Ne6 Rc2 43. Ng5+ Kf4 (43... Ke3 $19 {Threatens to win with ...c4.} 44. Re6+ Kd4 45. Nf3+ Kd5) 44. Nxh7 $17 g5 ({Better is} 44... Ne2 45. Nf8 Ke3 46. Nxg6 c4 47. Re6+ Kf2) 45. Nf8 {[#]} (45. Ra3 $142) 45... g4 (45... Ke3 $1 $17 46. Ne6 c4 47. Nxg5 Nd3) 46. Ne6+ $11 Ke5 {And now ...Ne2 would win.} 47. hxg4 fxg4 {Strongly threatening ...Ne2.} 48. Kg3 c4 49. Ng7 $2 {[%mdl 8192]} (49. Nc7 $11) 49... Nb3 $2 (49... c3 $19 {...Ra2 is the strong threat.} 50. Ra5+ Ke4 51. Ra4+ Kd5) 50. Re6+ $1 Kd5 {White must now prevent ...c3.} 51. Rg6 $2 {[%mdl 8192]} ({White should try} 51. Re8 $15) 51... c3 $19 {Black is clearly winning.} 52. Ne6 Rd2 53. Nf4+ Kc5 54. Rg5+ Kb4 (54... Kc4 $142 55. Re5 c2) 55. Rxg4 c2 56. Ne2+ {Accuracy: White = 52%, Black = 71%.} 0-1

[Event "6th Vardaris Open 2020"]
[Site "Thessaloniki"]
[Date "2020.03.02"]
[Round "7.4"]
[White "Giannoulakis, Lampros"]
[Black "Stanojoski, Zvonko"]
[Result "1-0"]
[WhiteElo "2266"]
[BlackElo "2435"]
[Annotator "TA"]
[PlyCount "63"]
[EventDate "2020.02.27"]
[EventType "swiss"]
[EventCountry "GRE"]
[SourceTitle "playchess.com"]
[Source "ChessBase"]
[SourceQuality "1"]

{[%evp 21,63,70,77,43,50,47,63,74,73,35,79,89,86,84,182,162,158,127,141,140,273,255,473,460,490,195,494,395,391,395,394,338,347,346,583,554,1032,997,1138,1138,1014,534,12837,12838]} 1. d4 Nf6 2. c4 e5 3. dxe5 Ng4 4. Bf4 Nc6 5. Nf3 Bb4+ 6. Nbd2 Qe7 7. e3 Ngxe5 8. Nxe5 Nxe5 9. Be2 b6 10. O-O Bxd2 11. Qxd2 Bb7 12. Rac1 {A52: Budapest Gambit.} d6 13. b4 {[#]} g5 $146 ({Predecessor:} 13... Ng6 14. Bg3 O-O 15. c5 dxc5 16. bxc5 Rfd8 17. Qb4 Bc6 18. a3 a5 19. Qb2 Be4 20. cxb6 cxb6 {1-0 (32) Chernin,A (2615)-Blatny,P (2510) Brno 1993}) 14. Bg3 {White is slightly better.} O-O-O 15. Qc3 (15. c5 $5) 15... h5 16. c5 {And now cxd6 would win.} Kb8 17. a4 {[%cal Ba2a4,Ba4a5][%mdl 32]} Ng6 {[#]} (17... h4 $16 18. Bxe5 Qxe5) 18. a5 $1 $18 h4 {[#]} 19. Bxd6 $1 {[%mdl 512]} cxd6 20. c6 Rc8 (20... Bxc6 $16 21. Qxc6 Ne5) 21. b5 Ne5 $2 (21... Qe5 22. axb6 Qxc3 23. bxa7+ (23. Rxc3 axb6 24. Rfc1 Rc7 $16) 23... Kxa7 24. Rxc3 Kb6) 22. axb6 {Hoping for c7+.} axb6 23. Qa3 $2 $40 {[%mdl 128] White attacks with force.} (23. Qd4) 23... Rhd8 $2 (23... Nxc6 24. bxc6 Rxc6 25. Rxc6 Bxc6) 24. Ra1 {White threatens Qa7+! and mate.} ({Not} 24. cxb7 Qxb7 25. Rxc8+ Kxc8 $16) 24... Nxc6 25. bxc6 Rxc6 26. Qa7+ Kc7 {White should prevent ...Ra8.} 27. Rfc1 {Threatens to win with Ba6.} Rc5 $2 (27... Ra8 {might work better.} 28. Rxc6+ Kxc6 29. Rc1+ Kd5 30. Bf3+ Ke5 31. Qxb7 Qxb7 32. Bxb7 Rb8) 28. Rab1 {White is clearly winning.} Ra8 29. Qxb6+ Kb8 30. Rxc5 dxc5 31. Bf3 {[%cal Rf3b7]} Ra7 32. Rd1 {Accuracy: White = 69%, Black = 34%.} 1-0

[Event "6th Vardaris Open 2020"]
[Site "Thessaloniki"]
[Date "2020.03.02"]
[Round "7.5"]
[White "Tsaknakis, Zisis"]
[Black "Nesteretz, Anatoliy"]
[Result "1/2-1/2"]
[WhiteElo "2197"]
[BlackElo "2385"]
[Annotator "TA"]
[PlyCount "77"]
[EventDate "2020.02.27"]
[EventType "swiss"]
[EventCountry "GRE"]
[SourceTitle "playchess.com"]
[Source "ChessBase"]
[SourceQuality "1"]

{[%evp 12,77,39,42,62,31,33,38,37,17,41,28,9,15,28,20,17,18,21,22,52,53,51,62,80,26,63,64,86,73,168,100,99,92,86,105,108,70,81,62,68,0,0,-20,-20,-33,0,0,0,-5,0,0,0,-31,-20,-35,0,0,0,0,0,0,46,0,0,0,0,0]} 1. Nf3 c5 2. e4 Nc6 3. d4 cxd4 4. Nxd4 Qb6 5. Nb3 Nf6 6. Nc3 e6 7. a3 {Recently 7.Qe2 got a lot of attention.} Qc7 {B33: Sicilian: Pelikan and Sveshnikov Variations.} 8. g3 a6 9. Bg2 b5 {White is slightly better.} 10. O-O Bb7 {[#]} 11. Re1 $146 ({Predecessor:} 11. f4 e5 12. f5 Bd6 13. Bg5 Nd4 14. Bxf6 gxf6 15. Nxd4 exd4 16. Nd5 Bxd5 17. exd5 {0-1 (44) Palao,A (1665)-Balcarce,G Bento Goncalves 2010}) 11... d6 12. f4 h5 13. h3 Be7 14. Be3 Nd7 15. Qe2 Nb6 16. a4 $36 {[%mdl 2048] White fights for an advantage.} bxa4 17. Nxa4 Nd7 18. c4 (18. Red1 $16) 18... Rb8 19. c5 h4 20. cxd6 Bxd6 (20... Qxd6 $16 {was worth a try.} 21. Nbc5 Nxc5 22. Nxc5 (22. Bxc5 Qc7 $16) 22... Nd4) 21. Rac1 ({Better is} 21. e5 $18 Bf8 22. Rac1) 21... e5 $16 22. Nbc5 Nxc5 23. Nxc5 O-O 24. Nxa6 Bxa6 25. Qxa6 Rfc8 26. fxe5 ({White should play} 26. gxh4 $14 Ra8 27. Qe2) 26... Bxe5 $11 {[%mdl 64] [#] Double Attack} 27. Re2 Bxb2 28. Bf4 $1 {[%cal Rf4c7]} Qb6+ (28... Qd7 {looks sharper.} 29. Rd2 Qe8 30. Rcd1 Be5 31. Bxe5 Nxe5 32. gxh4 Nc4) 29. Qxb6 Rxb6 30. Rc4 {aiming for Rec2.} Bd4+ 31. Kh2 {Strongly threatening e5.} hxg3+ 32. Kxg3 (32. Bxg3 $5 {[%cal Re4e5]} Rd8 33. e5 $11) 32... Re8 33. e5 Bxe5 34. Kg4 f5+ $1 {[%mdl 64] [#] Decoy} 35. Kxf5 Ne7+ 36. Kg4 Rg6+ 37. Kf3 (37. Bg5 $5 {[%cal Re2e5]} Bf6 38. h4 $16) 37... Bxf4 38. Rxf4 Rf8 39. Rxe7 {Accuracy: White = 72%, Black = 76%.} 1/2-1/2

[Event "6th Vardaris Open 2020"]
[Site "Thessaloniki"]
[Date "2020.03.02"]
[Round "7.6"]
[White "Georgakopoulos, Nikolaos"]
[Black "Gu, Tianlu"]
[Result "1-0"]
[WhiteElo "2367"]
[BlackElo "2253"]
[Annotator "TA"]
[PlyCount "89"]
[EventDate "2020.02.27"]
[EventType "swiss"]
[EventCountry "GRE"]
[SourceTitle "playchess.com"]
[Source "ChessBase"]
[SourceQuality "1"]

{[%evp 11,89,40,43,45,52,45,50,44,105,98,112,117,160,140,181,146,226,210,187,143,134,118,113,97,124,91,101,83,90,78,141,128,123,119,127,139,212,174,209,213,216,199,212,214,214,135,148,0,219,250,280,154,294,207,302,300,528,490,469,266,381,323,308,300,339,330,456,460,462,436,452,428,588,551,618,602,1302,1353,1523,1506]} 1. d4 d5 2. c4 e6 3. Nf3 c6 4. Qc2 dxc4 5. Qxc4 b5 6. Qc2 Bb7 7. e4 {D30: Queen's Gambit Declined: Systems without Nc3.} Nd7 8. Bd3 Rc8 9. O-O {[#] White is slightly better.} Qb6 $146 ({Better is} 9... Ngf6 $14) ({Predecessor:} 9... a6 10. Re1 c5 11. d5 c4 12. Bf1 e5 13. a4 Bc5 14. axb5 axb5 15. b3 Ngf6 16. bxc4 {1-0 (32) Dzagnidze,N (2429)-Berzina,I (2281) Stockholm 2008}) 10. Nc3 $16 a6 11. a4 {[%cal Ba2a4,Ba4a5][%mdl 32]} Qa5 12. Qe2 b4 13. Nb1 {[%cal Bc3b1,Bb1d2,Bd2b3][%mdl 32]} Ngf6 (13... Qc7 $16 14. Bxa6 Bxa6 15. Qxa6 Ngf6) 14. Nbd2 $18 Be7 15. Nb3 Qb6 16. a5 Qa7 17. Bg5 h6 18. Bd2 c5 19. e5 Nd5 20. Rac1 cxd4 (20... g5 $142) 21. Rxc8+ $16 (21. Nfxd4 $6 O-O $14) (21. Nbxd4 $6 Nc5 $11) 21... Bxc8 22. Nfxd4 (22. Nbxd4 Bb7 $14) 22... Bb7 23. Rc1 Qa8 {[#]} (23... Nc5 $16) 24. Qh5 $1 $36 {[%mdl 2048] Nxe6 is the strong threat. White is really pushing.} Nf8 25. f4 g6 26. Qh3 h5 27. Kh1 Rg8 28. Nf3 Qd8 {With the idea ...Nxf4.} 29. Nfd4 (29. Bc2 $16) 29... Qa8 $1 30. Qg3 Nd7 31. Be4 (31. h4 $18) 31... h4 (31... Kf8 $16 {was necessary.} 32. Qh3 Ke8) 32. Qh3 g5 (32... Rh8 {keeps fighting.} 33. Nxe6 fxe6) 33. fxg5 Bxg5 $2 (33... Rxg5 34. Bxg5 (34. Qxh4 Rxe5 35. Qh8+ Bf8 $18) 34... Bxg5) 34. Bxg5 Rxg5 {[#]} 35. Qxh4 (35. Nxe6 $142 $1 {[%mdl 512]} Rxe5 (35... fxe6 36. Qxe6+) 36. Nec5) 35... Rxe5 (35... Qd8 $142 36. Nxe6 (36. Qh8+ Ke7 $18) 36... fxe6) 36. Nf3 Rxe4 37. Qxe4 N5f6 38. Qf4 ({Stronger than} 38. Qxb4 Bxf3 39. gxf3 Qxf3+ 40. Kg1 Qe3+ 41. Kh1 Qf3+ 42. Kg1 Qe3+ 43. Kh1 Qf3+ $11) 38... Bd5 39. Nc5 {White is clearly winning.} Nxc5 40. Rxc5 ({Not} 40. Qxf6 Bxf3 41. gxf3 Qd5 $18) 40... Nd7 41. Rc1 Qb7 42. h4 Qb5 43. Qd6 {[%cal Rc1c8]} Bb7 44. Rc7 b3 45. Kg1 {Accuracy: White = 71%, Black = 38%.} 1-0

[Event "6th Vardaris Open 2020"]
[Site "Thessaloniki"]
[Date "2020.03.02"]
[Round "7.7"]
[White "Marin, Mihail"]
[Black "Andreev, Stanislav"]
[Result "1-0"]
[WhiteElo "2502"]
[BlackElo "2144"]
[Annotator "TA"]
[PlyCount "77"]
[EventDate "2020.02.27"]
[EventType "swiss"]
[EventCountry "GRE"]
[SourceTitle "playchess.com"]
[Source "ChessBase"]
[SourceQuality "1"]

{[%evp 11,77,5,6,4,3,8,36,29,46,-8,-8,-10,25,15,27,15,10,9,77,59,114,112,165,141,148,123,134,134,134,129,116,127,159,152,223,229,224,228,219,212,221,229,216,116,224,123,343,350,348,347,348,348,348,326,662,631,1049,1040,29970,1142,1304,1591,1456,1373,29986,29981,29994,29991]} 1. d4 d5 2. Nf3 Nf6 3. g3 c6 4. Bg2 Bf5 5. c4 e6 6. Nc3 h6 7. Qb3 {D11: Slav Defence: 3 Nf3 sidelines and 3...Nf6 4 e3 Bg4.} Qb6 8. c5 Qc7 9. Bf4 {White is slightly better.} Qc8 10. Qa4 ({White should play} 10. Nd2 $14) 10... Nbd7 $11 11. b4 {[#]} b5 $146 ({Predecessor:} 11... Ne4 12. Qb3 g5 13. Be3 Bg7 14. O-O b6 15. cxb6 axb6 16. Rac1 Qb7 17. b5 Nxc3 18. bxc6 Qxc6 19. Rxc3 {0-1 (44) Khodorov,A (2136)-Suarez Garcia,C (2400) Caldas da Rainha 2014}) 12. Qb3 a5 13. a4 $36 {[%mdl 2048] White has some pressure.} axb4 14. Qxb4 Ne4 (14... g5 $11 15. Be5 Be7) 15. Nxe4 $16 dxe4 (15... Bxe4 $14 16. O-O g5) 16. Nd2 Nf6 (16... g5 $16) 17. O-O $18 Nd5 18. Qb2 Nxf4 19. gxf4 bxa4 20. Nxe4 Bxe4 21. Bxe4 Be7 22. Qb4 e5 (22... O-O $16 23. Rxa4 g5 24. fxg5 hxg5 25. Rxa8 Qxa8) 23. fxe5 ({Much less strong is} 23. Rxa4 $6 exd4 24. Rxa8 (24. Qxd4 Rxa4 25. Qxa4 O-O $16) 24... Qxa8 $16) 23... Qg4+ 24. Bg2 {Qb7 is the strong threat.} O-O 25. e3 Rfb8 26. Qc4 a3 27. Ra2 ({Better is} 27. Qc2 $1 $18) 27... Rb2 (27... Qg6 $16 {was necessary.}) 28. h3 ({White must play} 28. Rxb2 $1 $18 axb2 29. Qc2 (29. Qb3 Qe2 $17)) 28... Qg6 $2 {This costs Black the game.} (28... Qe6 $16 29. Qxe6 fxe6) 29. Rxb2 $1 axb2 30. Qb3 Ra1 31. Qxb2 Rxf1+ 32. Kxf1 Qd3+ $2 (32... Bh4 33. Kg1 Kh8) 33. Kg1 Qd1+ 34. Kh2 Bh4 35. Bxc6 (35. Qb8+ $142 Kh7 36. Be4+ g6 {[#]} 37. Qb7 $1 {[%mdl 576] Double Attack} Bg3+ 38. Kg2 $1 {[%mdl 512]} Kh8 39. Qxf7 Bxf2 40. Qf6+ Kg8 41. Qxg6+ Kf8 42. Qxh6+ Kf7 43. Bg6+ Ke7 44. Qg7+ Kd8 45. Qf8+ Kc7 46. Qe7+ Kc8 47. Bf5+ Kb8 48. Qd8+ Kb7 49. Qb6+ Ka8 50. Qxc6+ Kb8 51. Qb6+ Ka8 52. Be4#) 35... Qf1 36. Bg2 Qe1 37. Be4 {Qb8+ would kill now.} f5 38. Qb8+ Kf7 {[#]} 39. e6+ $1 {Accuracy: White = 73%, Black = 37%.} 1-0

[Event "6th Vardaris Open 2020"]
[Site "Thessaloniki"]
[Date "2020.03.02"]
[Round "7.8"]
[White "Kourkoulos-Arditis, Stamatis"]
[Black "Papadopoulos, Panayotis"]
[Result "1-0"]
[WhiteElo "2470"]
[BlackElo "2220"]
[Annotator "TA"]
[PlyCount "59"]
[EventDate "2020.02.27"]
[EventType "swiss"]
[EventCountry "GRE"]
[SourceTitle "playchess.com"]
[Source "ChessBase"]
[SourceQuality "1"]

{[%evp 14,59,66,52,64,56,61,50,58,50,52,46,47,48,46,46,49,48,64,60,47,61,69,65,156,148,216,200,258,263,341,310,358,343,353,325,767,635,955,567,525,522,517,516,454,332,487,466]} 1. d4 Nf6 2. c4 d6 3. Nf3 Nbd7 4. Nc3 e5 5. e4 c6 6. Be2 Be7 7. O-O Qc7 8. Re1 {was the old line (8.Be3).} Nf8 {A55: Old Indian Defence with Nf3 and e4.} 9. h3 Ng6 10. Bf1 O-O {White is slightly better.} 11. Be3 h6 {[#]} 12. d5 $146 ({Predecessor:} 12. Rc1 Bd7 13. Qc2 Nh5 14. dxe5 dxe5 15. Rcd1 Rad8 16. c5 Nhf4 17. Kh2 f5 18. g3 fxe4 19. Nxe4 {0-1 (48) Md Arafat,R (1852)-Zoar Haque,P (1991) Dhaka 2017}) 12... c5 13. a3 b6 14. b4 Bd7 15. Rb1 a6 16. Rb2 Rfb8 17. Qc2 Nh7 18. Reb1 Bg5 (18... Qc8 $14) 19. Nxg5 $16 hxg5 (19... Nxg5 $16 20. Rb3 a5 21. bxc5 bxc5) 20. Qb3 $18 Ne7 21. bxc5 bxc5 22. Qxb8+ Rxb8 23. Rxb8+ Bc8 24. Na4 f6 $2 {[#]} (24... Nf8 25. Bxg5 f6) 25. R1b6 Nf8 {and the idea ...Nd7 leaves Black hopeful.} 26. Nxc5 Neg6 27. Ne6 Nxe6 28. dxe6 Kh7 29. Ra8 Bxe6 (29... a5 $142 30. Rb2 Bxe6) 30. c5 {Accuracy: White = 90%, Black = 47%.} 1-0

[Event "6th Vardaris Open 2020"]
[Site "Thessaloniki"]
[Date "2020.03.02"]
[Round "7.10"]
[White "Krallis, Christos"]
[Black "Bullen, Alex"]
[Result "1-0"]
[WhiteElo "2276"]
[BlackElo "2085"]
[Annotator "TA"]
[PlyCount "115"]
[EventDate "2020.02.27"]
[EventType "swiss"]
[EventCountry "GRE"]
[SourceTitle "playchess.com"]
[Source "ChessBase"]
[SourceQuality "1"]

{[%evp 24,115,10,5,7,0,0,0,0,0,0,0,21,34,22,-4,25,33,18,33,33,25,22,14,40,7,14,0,0,0,0,0,31,31,32,12,14,0,10,0,0,0,0,0,0,0,0,0,0,-9,0,-16,-8,-797,0,0,0,0,0,0,376,-926,344,394,354,318,207,168,451,443,506,498,832,832,1384,418,392,398,802,791,1174,1118,905,692,29992,29993,29993,29994,29995,29996,29996,29997,29997,29998]} 1. d4 d5 2. c4 e6 3. Nf3 Nf6 4. g3 Be7 5. Bg2 O-O 6. O-O dxc4 7. Qc2 a6 8. a4 Bd7 9. Rd1 Bc6 10. Nc3 Bxf3 11. Bxf3 Nc6 12. Bxc6 bxc6 13. a5 Rb8 {The main line 13...Rb8 scores better than 13...Qb8. E05: Open Catalan: 5 Nf3 Be7.} 14. Ra4 Rb4 15. Na2 Rxa4 {The position is equal.} 16. Qxa4 Qb8 17. Qxc4 Qb5 18. Qxb5 cxb5 19. Bf4 Nd5 20. Rc1 Nxf4 21. gxf4 $14 {[%mdl 4096] Endgame KRB-KRN} Bd6 22. e3 Ra8 {[#]} 23. Rc2 $146 ({Predecessor:} 23. Kg2 Kf8 24. Kf3 Ke7 25. e4 Kd7 26. Ke3 Rd8 27. e5 Be7 28. Nc3 f5 29. exf6 gxf6 {½-½ (36) Smit,F (2054)-Wiersma,J ICCF email 2014}) 23... Ra7 24. Nc1 Bb4 25. Nb3 Kf8 26. e4 Ke7 27. d5 {Nd4 is the strong threat.} Kd7 (27... c5 $5 {[%cal Re6d5]} 28. dxc6 (28. Nxc5 $2 Rc7 $19) 28... Kd6 $11) 28. Nd4 Ra8 29. Nc6 Bd6 30. Ne5+ Ke8 31. Nd3 exd5 32. e5 Be7 33. Rxc7 Bd8 34. Rb7 Bxa5 35. f5 Rc8 36. Nf4 d4 37. e6 fxe6 38. Nxe6 $2 {[%mdl 8192]} (38. fxe6 $11 Rc7 39. Rb8+ Ke7 40. Nd5+ Kxe6 41. Nxc7+ Bxc7 42. Ra8) 38... d3 $2 ({Black should play} 38... Rc1+ $1 $19 39. Kg2 d3 40. Rxg7 Re1) 39. Nxg7+ $11 Kf8 40. Ne6+ {[%mdl 64] Discovered Attack} Kg8 $1 41. f6 {[#]} d2 $2 {[%mdl 8192]} (41... Bc7 $1 $11 {[%mdl 512] and Black stays safe.} 42. Kf1 (42. Rxc7 Rxc7) 42... d2) 42. f7+ $18 Kh8 43. Rd7 Bb4 {Strongly threatening ...Rc1+.} 44. Kg2 h6 {intending ...Rc6.} 45. Kf3 Rc1 $2 {[#]} (45... Rc6 46. Rd8+ Kh7) 46. Rxd2 $1 {[%mdl 512]} Rc6 (46... Bxd2 47. f8=Q+) 47. Re2 a5 (47... Rb6 $142 48. Re4 Be7 49. f8=Q+ Bxf8 50. Nxf8 a5) 48. Kg4 a4 49. f8=Q+ (49. Kf5 $142 {aiming for f4.} Rb6 50. f4) 49... Bxf8 50. Nxf8 {KRN-KR} Rc4+ $2 (50... Kg8 51. Nd7 Rd6) 51. Kf5 b4 52. Nd7 b3 53. Nf6 {Threatening mate with Re7.} Rc2 54. Re7 {[%csl Gf6][%cal Re7h7] White mates.} Rxf2+ {[#]} 55. Kg6 $1 {[%csl Gf6,Gg6][%cal Re7h7]} Rg2+ 56. Kh5 {[%csl Gf6][%cal Re7h7]} Rxh2+ 57. Kg4 {[%csl Gf6][%cal Re7h7]} h5+ 58. Kg3 {Accuracy: White = 81%, Black = 58%.} 1-0

[Event "6th Vardaris Open 2020"]
[Site "Thessaloniki"]
[Date "2020.03.02"]
[Round "7.11"]
[White "Ladopoulos, Dimitrios"]
[Black "Nteligiorgis, Eleftherios"]
[Result "1-0"]
[WhiteElo "2253"]
[BlackElo "1944"]
[Annotator "TA"]
[PlyCount "67"]
[EventDate "2020.02.27"]
[EventType "swiss"]
[EventCountry "GRE"]
[SourceTitle "playchess.com"]
[Source "ChessBase"]
[SourceQuality "1"]

{[%evp 17,67,39,59,53,70,81,105,92,97,90,104,62,81,82,130,132,147,154,143,139,140,140,140,136,154,149,154,161,155,159,164,139,181,158,193,193,185,186,389,218,205,206,213,153,162,160,152,125,125,141,373,366]} 1. Nf3 Nf6 2. c4 e6 3. g3 d5 4. Bg2 dxc4 5. Qa4+ Nbd7 6. Qxc4 a6 7. Qc2 c5 8. O-O Be7 9. d4 O-O 10. Rd1 {E02: Open Catalan: 5 Qa4+.} Qb6 11. Nc3 cxd4 12. Nxd4 {White is better.} Nc5 13. Rb1 a5 {[#]} 14. h3 $146 ({Predecessor:} 14. Be3 Bd7 15. Nb3 Bc6 16. Nxc5 Bxc5 17. Nd5 Bxd5 18. Qxc5 Qxc5 19. Bxc5 Rfc8 20. Rbc1 {½-½ (51) Sargsyan,S (2499)-Der Manuelian,H (2242) Yerevan 2018}) 14... Bd7 15. e4 Bc6 16. e5 Nd5 17. Nxd5 Bxd5 18. Bxd5 exd5 19. Nf5 Qe6 {[#]} 20. Rxd5 $1 {[%mdl 512]} Rfc8 (20... Qxd5 21. Nxe7+) 21. Nxe7+ Qxe7 22. Be3 Nd7 23. Qf5 Nf8 24. a3 g6 25. Qe4 Qe6 26. h4 Nd7 {[#] Hoping for ...Nf6!} 27. Qd4 Qf5 $2 (27... Nf8 28. Rd1 Qf5) 28. Rd1 ({Weaker is} 28. Rxd7 Qxb1+ 29. Kg2 Qc2 $16) (28. e6 $142 Qxb1+ 29. Kh2) 28... Nf8 $18 29. Qb6 Ne6 30. Qxb7 Rab8 31. Qe7 Rxb2 32. Rxa5 Qf3 33. Rad5 Rcc2 $2 (33... Re2 $16 {keeps fighting.}) 34. Qf6 {Accuracy: White = 75%, Black = 59%.} 1-0